LEGAL education in the digital age

Salvato in:
Dettagli Bibliografici
Natura: Libro
Lingua:inglese
Pubblicazione: Cambridge University Press 2012
Tags: Aggiungi Tag
Nessun Tag, puoi essere il primo ad aggiungerne!!

MARC

LEADER 00000nam a22000007a 4500
008 210712b ||||| |||| 00| 0 eng d
020 |a 9781107637597 
245 |a LEGAL education in the digital age  |c edited by Edward Robin  |g xv, 253p. 
250 |c ROBIN, Edward 
260 |b Cambridge University Press  |c 2012  |h New York  |i 696414  |i 696415  |l K100.L52  |m Law--Sudy and teaching  |m Law--Computer-assisted instruction 
500 |a It includes notes and index 
942 |a lcc  |c BK  |e Kuteyi, M. A.  |f 12/7/2021 
952 |0 0  |1 0  |2 lcc  |4 0  |6 K0100 L52  |7 0  |9 2755  |a HOL  |b HOL  |c GJ  |d 2021-07-12  |l 0  |o K100.L52  |p 2021-6604  |r 2021-07-12 00:00:00  |w 2021-07-12  |y BK 
952 |0 0  |1 0  |2 lcc  |4 0  |6 K0100 L52  |7 0  |9 2756  |a HOL  |b LL  |c GJ  |d 2021-07-12  |l 0  |o K100.L52  |p 2021-6605  |r 2021-07-12 00:00:00  |w 2021-07-12  |y BK 
999 |c 1437  |d 1437